[Event "Bad Griesbach Senioren op 2011 14th"]
[Site "Bad Griesbach (4.12.-10.12)"]
[Date "2011.12.10"]
[Round "7.5"]
[White "Bock, Ortwin"]
[Black "Wawrinsky, Ludwig"]
[Result "0-1"]
[WhiteElo "1846"]
[BlackElo "1749"]
[PlyCount "74"]
[EventDate "2011.12.??"]
[EventType "swiss"]
[EventRounds "7"]
[EventCountry "GER"]
[WhiteTeam "Landshut SK"]
[BlackTeam "Neuperlach SK"]

1. e4 e6 2. d4 b6 3. Bd3 Bb7 4. c3 Nf6 5. Qe2 Be7 6. Nf3 a5 7. Nbd2 Ba6 8. e5
Bxd3 9. Qxd3 Nd5 10. Ne4 f5 11. exf6 Nxf6 12. Neg5 O-O 13. Ne5 Qe8 14. Be3 h6
15. h4 c5 16. Ng4 hxg5 17. hxg5 Nh5 18. g6 cxd4 19. Bd2 Rf5 20. cxd4 Qxg6 21.
f3 Nc6 22. a3 Bf6 23. O-O-O Bxd4 24. Bc3 Bxc3 25. bxc3 Qg5+ 26. Kc2 Rd5 27. Qe4
Rxd1 28. Kxd1 Nf6 29. Nxf6+ Qxf6 30. Qh7+ Kf7 31. Rh4 Ne5 32. Qh5+ Ke7 33. Re4
Nc6 34. Rg4 Qxc3 35. Qh7 Ne5 36. Qxg7+ Kd6 37. Re4 Rc8 0-1

[Event "Bad Griesbach Senioren op 2011 14th"]
[Site "Bad Griesbach (4.12.-10.12)"]
[Date "2011.12.10"]
[Round "7.6"]
[White "Boldt, Heinrich"]
[Black "Alefs, Heinz"]
[Result "1-0"]
[WhiteElo "1751"]
[BlackElo "1645"]
[PlyCount "65"]
[EventDate "2011.12.??"]
[EventType "swiss"]
[EventRounds "7"]
[EventCountry "GER"]
[WhiteTeam "Kareth-Lappersdorf TSV"]
[BlackTeam "Eichenau SC"]

1. d4 Nf6 2. Nf3 g6 3. Bf4 d6 4. Nbd2 Bg7 5. e3 O-O 6. Be2 c5 7. c3 Nc6 8. h3
cxd4 9. exd4 Qb6 10. Nc4 Qd8 11. O-O d5 12. Nce5 Ne4 13. Bd3 f6 14. Nxc6 bxc6
15. Re1 Nd6 16. Qa4 Bd7 17. Qa3 Bf5 18. Bxf5 gxf5 19. Re6 Qd7 20. Rae1 Ne4 21.
Rxe7 Qc8 22. Nh4 Rf7 23. Rxf7 Kxf7 24. f3 Qd7 25. fxe4 dxe4 26. Qd6 Qxd6 27.
Bxd6 Bh6 28. Nxf5 Bd2 29. Rxe4 a5 30. h4 h6 31. h5 Ra7 32. Bf4 Bxf4 33. Rxf4
1-0

[Event "Bad Griesbach Senioren op 2011 14th"]
[Site "Bad Griesbach (4.12.-10.12)"]
[Date "2011.12.10"]
[Round "7.7"]
[White "Klein, Reinhard"]
[Black "Koenigl, Anton"]
[Result "0-1"]
[WhiteElo "1759"]
[BlackElo "1655"]
[PlyCount "68"]
[EventDate "2011.12.??"]
[EventType "swiss"]
[EventRounds "7"]
[EventCountry "GER"]
[WhiteTeam "München RTA SC"]
[BlackTeam "Ergolding FC"]

1. d4 Nf6 2. Nf3 e6 3. Bf4 c5 4. e3 Qb6 5. Nc3 a6 6. Na4 Qa5+ 7. c3 d6 8. Rb1
b5 9. b4 Qxa4 10. Qxa4 bxa4 11. bxc5 Bd7 12. cxd6 Ne4 13. c4 Bxd6 14. Bd3 Nc3
15. Rxb8+ Bxb8 16. Kd2 Bxf4 17. exf4 Nxa2 18. Rb1 a5 19. Be4 Rd8 20. Rb7 O-O
21. Ra7 f5 22. Bb1 Nb4 23. Rxa5 Be8 24. Kc3 Rb8 25. Bc2 Nxc2 26. Kxc2 Rf7 27.
Ng5 Rfb7 28. Nxe6 Rb2+ 29. Kc1 R2b4 30. c5 Bc6 31. f3 Ra8 32. Rxa8+ Bxa8 33.
Nc7 Bb7 34. d5 a3 0-1

[Event "Bad Griesbach Senioren op 2011 14th"]
[Site "Bad Griesbach (4.12.-10.12)"]
[Date "2011.12.10"]
[Round "7.9"]
[White "Krase, Peter-Axel"]
[Black "Lamprecht, Rudolf"]
[Result "1/2-1/2"]
[WhiteElo "1694"]
[BlackElo "1818"]
[PlyCount "88"]
[EventDate "2011.12.??"]
[EventType "swiss"]
[EventRounds "7"]
[EventCountry "GER"]
[WhiteTeam "Kareth-Lappersdorf TSV"]
[BlackTeam "Höhenkirchen SV"]

1. e4 c5 2. Nf3 d6 3. Bc4 e6 4. Nc3 a6 5. a4 Nc6 6. d4 cxd4 7. Nxd4 Be7 8. O-O
Nf6 9. Be2 Bd7 10. Nf3 O-O 11. Bf4 e5 12. Bg5 Be6 13. Qd2 Qd7 14. Bxf6 Bxf6 15.
Nd5 Bxd5 16. exd5 Ne7 17. c4 a5 18. Bd3 b6 19. Rfe1 Ng6 20. g3 Be7 21. Ng5 Bxg5
22. Qxg5 Qd8 23. Qf5 Qc8 24. Rac1 Qxf5 25. Bxf5 Ne7 26. Bd3 f5 27. f3 Rac8 28.
Rc3 g6 29. Rb3 Rb8 30. Kg2 Kg7 31. h4 Ng8 32. g4 fxg4 33. fxg4 Rf4 34. Re4 Rxe4
35. Bxe4 Nf6 36. Kf3 Nd7 37. Re3 Rf8+ 38. Kg3 Rf4 39. b3 Nc5 40. Bc2 Rf1 41. g5
Rf4 42. Kh3 Rf2 43. Rc3 Rd2 44. Kg4 Rd4+ 1/2-1/2

[Event "Bad Griesbach Senioren op 2011 14th"]
[Site "Bad Griesbach (4.12.-10.12)"]
[Date "2011.12.10"]
[Round "7.10"]
[White "Huhn, Ulrich"]
[Black "Strakos, Tomas"]
[Result "1/2-1/2"]
[WhiteElo "1835"]
[BlackElo "1763"]
[PlyCount "40"]
[EventDate "2011.12.??"]
[EventType "swiss"]
[EventRounds "7"]
[EventCountry "GER"]
[WhiteTeam "Berlin Siemensstadt SF"]
[BlackTeam "CZE/Praga Praha"]
[BlackTeamCountry "CZE"]

1. d4 Nf6 2. Nc3 d5 3. Bg5 Ne4 4. Nxe4 dxe4 5. Bf4 Nd7 6. e3 g6 7. Bc4 Bg7 8.
f3 Nf6 9. fxe4 Nxe4 10. Qf3 Nf6 11. h3 O-O 12. Ne2 c6 13. Nc3 Bd7 14. O-O b5
15. Bd3 Qb6 16. Be5 Rac8 17. b4 Be6 18. g4 Nd5 19. Bxg7 Kxg7 20. Nxd5 cxd5
1/2-1/2

[Event "Bad Griesbach Senioren op 2011 14th"]
[Site "Bad Griesbach (4.12.-10.12)"]
[Date "2011.12.10"]
[Round "7.12"]
[White "Zeiger, Frank"]
[Black "Eglseder, Gottfried"]
[Result "1/2-1/2"]
[WhiteElo "1475"]
[BlackElo "1617"]
[PlyCount "40"]
[EventDate "2011.12.??"]
[EventType "swiss"]
[EventRounds "7"]
[EventCountry "GER"]
[WhiteTeam "Spremberg FSV"]
[BlackTeam "Germering SK"]

1. d4 d5 2. Nf3 c6 3. Bf4 Nf6 4. e3 Bg4 5. Nbd2 e6 6. Bd3 Bd6 7. h3 Bh5 8. g4
Bg6 9. Bxd6 Qxd6 10. Ne5 Bxd3 11. cxd3 Nfd7 12. f4 Qb4 13. a3 Qb5 14. Qc2 Nxe5
15. fxe5 Nd7 16. b4 O-O 17. g5 Qb6 18. Nb3 Nxe5 19. dxe5 Qxe3+ 20. Qe2 Qxg5
1/2-1/2

[Event "Bad Griesbach Senioren op 2011 14th"]
[Site "Bad Griesbach (4.12.-10.12)"]
[Date "2011.12.10"]
[Round "7.13"]
[White "Mahrla, Hans Dr"]
[Black "Bilyavskyy, Borys"]
[Result "0-1"]
[WhiteElo "1621"]
[BlackElo "1757"]
[PlyCount "88"]
[EventDate "2011.12.??"]
[EventType "swiss"]
[EventRounds "7"]
[EventCountry "GER"]
[WhiteTeam "Eichenau SC"]
[BlackTeam "Ergolding FC"]

1. e4 d6 2. d4 Nf6 3. Bd3 e5 4. c3 g6 5. dxe5 dxe5 6. Nf3 Nc6 7. O-O Bg7 8. Qe2
Qe7 9. b3 Bg4 10. Ba3 Qd7 11. Rd1 O-O-O 12. Rd2 Bh6 13. Rd1 Bxf3 14. Qxf3 Qg4
15. Qxg4+ Nxg4 16. b4 b5 17. h3 Nf6 18. f3 Nh5 19. Kf1 a6 20. Bb2 Nf4 21. Bc2
Rxd1+ 22. Bxd1 Rd8 23. Bc2 Nd3 24. Bxd3 Rxd3 25. Ke2 Rd7 26. a4 Kb7 27. axb5
axb5 28. Ra2 Nd8 29. c4 bxc4 30. Bxe5 Nc6 31. Bc3 Nd4+ 32. Bxd4 Rxd4 33. Nc3
Rd3 34. Rc2 c6 35. b5 cxb5 36. Nxb5 Kb6 37. Nc3 Kc5 38. Nd5 Rb3 39. Nc3 Kd4 40.
Nd5 Bg7 41. Rd2+ Kc5 42. Rc2 Bd4 43. Kd2 f5 44. Nf4 Be3+ 0-1

[Event "Bad Griesbach Senioren op 2011 14th"]
[Site "Bad Griesbach (4.12.-10.12)"]
[Date "2011.12.10"]
[Round "7.14"]
[White "Ulmer, Heinz"]
[Black "Dallmeier, Gerhard"]
[Result "1/2-1/2"]
[WhiteElo "1649"]
[BlackElo "1582"]
[PlyCount "101"]
[EventDate "2011.12.??"]
[EventType "swiss"]
[EventRounds "7"]
[EventCountry "GER"]
[WhiteTeam "Adlkofen SC"]
[BlackTeam "Weißenfels Roland SK"]

1. d4 Nf6 2. c4 g6 3. Nc3 Bg7 4. Nf3 d6 5. e4 Nbd7 6. g3 O-O 7. Bg2 e5 8. O-O
Re8 9. h3 c6 10. Be3 h5 11. dxe5 dxe5 12. Qe2 Qe7 13. Rad1 Nc5 14. Ng5 Ne6 15.
Nxe6 Bxe6 16. a3 Nh7 17. Rd2 Rad8 18. Rfd1 Rxd2 19. Rxd2 Rd8 20. Rxd8+ Qxd8 21.
b4 Qd7 22. Kh2 a6 23. Na4 Bf8 24. Nc5 Bxc5 25. Bxc5 b5 26. cxb5 axb5 27. Qe3
Kg7 28. f4 exf4 29. gxf4 Bc4 30. e5 Nf8 31. Bxf8+ Kxf8 32. Qc5+ Kg7 33. Qxc6
Qf5 34. Qe4 Qd7 35. Qe3 Kh7 36. Kg3 Kg7 37. Be4 Be6 38. Kh2 Kh7 39. Qd3 Qa7 40.
Kg2 Bc4 41. Qf3 Kg7 42. f5 Qd4 43. fxg6 Qd2+ 44. Kh1 Qe1+ 45. Kh2 Qd2+ 46. Kh1
Qe1+ 47. Kg2 Qd2+ 48. Qf2 Qg5+ 49. Kh1 Qxe5 50. Qg2 Qa1+ 51. Kh2 1/2-1/2

[Event "Bad Griesbach Senioren op 2011 14th"]
[Site "Bad Griesbach (4.12.-10.12)"]
[Date "2011.12.10"]
[Round "7.15"]
[White "Schuster, Herbert"]
[Black "Roesch, Alfred"]
[Result "1-0"]
[WhiteElo "1744"]
[BlackElo "1594"]
[PlyCount "99"]
[EventDate "2011.12.??"]
[EventType "swiss"]
[EventRounds "7"]
[EventCountry "GER"]
[WhiteTeam "Landshut SK"]
[BlackTeam "München Schwabing SG"]

1. d4 c6 2. Nf3 d5 3. Bf4 Nd7 4. e3 g6 5. c3 Bg7 6. Bd3 Ngf6 7. Nbd2 O-O 8. O-O
Nh5 9. Re1 f5 10. Ne5 Nhf6 11. Ndf3 Ne4 12. Nxd7 Bxd7 13. Be5 Nf6 14. h3 Ne4
15. Bxg7 Kxg7 16. Ne5 Be6 17. f4 Nf6 18. b4 Nd7 19. Nf3 a5 20. Qd2 b6 21. Reb1
axb4 22. cxb4 Ra3 23. Rb3 Qa8 24. Qb2 Ra7 25. a3 Qb7 26. b5 cxb5 27. Bxb5 Rb8
28. a4 Ra5 29. Rc1 Rc8 30. Rbc3 Rxc3 31. Qxc3 Ra7 32. Qc6 Nf8 33. Ne5 Bd7 34.
Qxb7 Rxb7 35. Bxd7 Nxd7 36. Nd3 Nf6 37. Rb1 Ra7 38. Rb4 Nd7 39. Kf2 Rc7 40. Rb5
e6 41. Rb2 Ra7 42. Ra2 b5 43. a5 Nb6 44. a6 Na4 45. Nb4 Nc3 46. Ra5 Ne4+ 47.
Ke1 Nd6 48. Nc6 Ra8 49. a7 Nc8 50. Rxb5 1-0

[Event "Bad Griesbach Senioren op 2011 14th"]
[Site "Bad Griesbach (4.12.-10.12)"]
[Date "2011.12.10"]
[Round "7.16"]
[White "Kammel, Rudolf"]
[Black "Post, Hermann Dr(35)"]
[Result "1-0"]
[WhiteElo "1626"]
[BlackElo "1532"]
[PlyCount "43"]
[EventDate "2011.12.??"]
[EventType "swiss"]
[EventRounds "7"]
[EventCountry "GER"]
[WhiteTeam "Regensburg Bavaria SC"]
[BlackTeam "Rottal SC"]

1. e4 c5 2. Nf3 d6 3. d4 cxd4 4. c3 dxc3 5. Nxc3 Bd7 6. Bc4 Nc6 7. O-O e6 8.
Bf4 Na5 9. Bb5 a6 10. Bxd7+ Qxd7 11. Na4 Qb5 12. Rc1 e5 13. Be3 Nc4 14. Rxc4
Qxc4 15. Nb6 Qxe4 16. Nxa8 Qc6 17. Qb3 b5 18. Nb6 Nf6 19. Rc1 Qb7 20. Rc8+ Ke7
21. Ng5 d5 22. Qb4# 1-0

[Event "Bad Griesbach Senioren op 2011 14th"]
[Site "Bad Griesbach (4.12.-10.12)"]
[Date "2011.12.10"]
[Round "7.17"]
[White "Simmon, Norbert"]
[Black "Laber, Dietrich"]
[Result "1/2-1/2"]
[WhiteElo "1580"]
[BlackElo "1573"]
[PlyCount "71"]
[EventDate "2011.12.??"]
[EventType "swiss"]
[EventRounds "7"]
[EventCountry "GER"]
[WhiteTeam "München Schwabing SG"]
[BlackTeam "Steinsfurt Botvinnik SF"]

1. g3 d5 2. d4 c6 3. Nf3 Nf6 4. Bg2 Bf5 5. O-O e6 6. c4 Nbd7 7. Bg5 Be7 8. cxd5
cxd5 9. Nc3 Ne4 10. Bxe7 Qxe7 11. Nb5 O-O 12. Rc1 a6 13. Nc7 Rac8 14. Qb3 Nd6
15. Ne5 Nxe5 16. dxe5 Nc4 17. Nxd5 exd5 18. e4 Nd2 19. Qxd5 Nxf1 20. Rxc8 Rxc8
21. exf5 Rd8 22. Qa5 Re8 23. Kxf1 Qxe5 24. Qxe5 Rxe5 25. Bxb7 Rb5 26. Bxa6 Rxb2
27. a4 f6 28. a5 Kf8 29. Bd3 Rd2 30. Be2 Rd5 31. a6 Rxf5 32. f4 Ra5 33. Kf2 Ke7
34. g4 h6 35. h4 Kd6 36. Ke3 1/2-1/2

[Event "Bad Griesbach Senioren op 2011 14th"]
[Site "Bad Griesbach (4.12.-10.12)"]
[Date "2011.12.10"]
[Round "7.18"]
[White "Jurgan, Brigitte"]
[Black "Erhard, Walter sr(45)"]
[Result "1/2-1/2"]
[WhiteElo "1239"]
[BlackElo "1263"]
[PlyCount "40"]
[EventDate "2011.12.??"]
[EventType "swiss"]
[EventRounds "7"]
[EventCountry "GER"]
[WhiteTeam "Bad Reichenhall SF"]
[BlackTeam "Regensburg Bavaria SC"]

1. d4 Nf6 2. Nf3 g6 3. g3 Bg7 4. c3 O-O 5. Bg2 d6 6. O-O Nbd7 7. Re1 Re8 8. e4
e5 9. d5 Nf8 10. Bg5 h6 11. Bxf6 Bxf6 12. h3 Bd7 13. Nh2 Qc8 14. h4 Bh3 15. Nd2
Bxg2 16. Kxg2 Bg7 17. Qg4 Qxg4 18. Nxg4 h5 19. Nh2 Nd7 20. b4 a5 1/2-1/2

[Event "Bad Griesbach Senioren op 2011 14th"]
[Site "Bad Griesbach (4.12.-10.12)"]
[Date "2011.12.10"]
[Round "7.19"]
[White "Zorn, Guenter"]
[Black "Mlinar, Denis"]
[Result "1-0"]
[WhiteElo "1291"]
[BlackElo "1153"]
[PlyCount "69"]
[EventDate "2011.12.??"]
[EventType "swiss"]
[EventRounds "7"]
[EventCountry "GER"]
[WhiteTeam "Ergolding FC"]
[BlackTeam "AUT/ Salzburg-Süd SC"]
[BlackTeamCountry "AUT"]

1. d4 d5 2. c4 e6 3. e3 Nf6 4. Nf3 Be7 5. Nc3 a6 6. a3 O-O 7. Be2 b6 8. O-O
Nbd7 9. Bd3 Bb7 10. cxd5 exd5 11. Re1 c5 12. Bb1 cxd4 13. exd4 Bd6 14. Qc2 g6
15. h3 Re8 16. Be3 Rc8 17. Qd2 b5 18. Bd3 b4 19. Na4 a5 20. Rec1 Rxc1+ 21. Rxc1
bxa3 22. Nc5 Nxc5 23. dxc5 axb2 24. Qxb2 d4 25. cxd6 Bxf3 26. gxf3 dxe3 27. Qd4
exf2+ 28. Kxf2 Nd7 29. Bb5 Re6 30. Rc7 Nf6 31. d7 Nxd7 32. Rxd7 Qb6 33. Rd8+
Qxd8 34. Qxd8+ Kg7 35. Qxa5 1-0